Top 15 Hip Hop Albums of 2018 - Statistics

General Stats
  • This quiz has been taken 16 times
  • The average score is 5 of 15
Answer Stats
Hint Answer % Correct
#1 ASTROWORLD
100%
#5 Kids See Ghosts
50%
#14 Scorpion
50%
#10 Ye
50%
#6 Care for Me
40%
#3 Daytona
40%
#7 Die Lit
40%
#2 Swimming
40%
#11 Black Panther
20%
#4 I Am > I Was
20%
#12 Tha Carter V
20%
#9 Culture II
10%
#8 Redemption
10%
#13 Harder Than Ever
0%
#15 SR3MM
0%
No matching quizzes found
Score Distribution
Percent of People with Each Score
Percentile by Number Answered
Your Score History
You have not taken this quiz